000
00331nam a22001457a 4500
008
210511b ||||| |||| 00| 0 eng d
020
_a
9781883982447
041
_a
eng
080
_a
32
082
_a
32
100
_a
19
101
_a
SHP
245
_a
St. Louis Politics the Triumph of Tradition
_c
Lana Stein
942
_2
udc
_c
BK
999
_c
57236
_d
57236